| 000 | 00796cam a22002295a 4500 | ||
|---|---|---|---|
| 001 | L141676 | ||
| 008 | 071212s2007 xxko f 000 0 eng d | ||
| 020 | _a9781848060173 | ||
| 035 | _a(Sirsi) u141676 | ||
| 041 | 0 | _aeng | |
| 050 | 0 | 4 | _a690 $2 18 |
| 100 | 1 | _aDunster, Andrew M. | |
| 245 | 0 | 0 |
_aNaturally innovative _busing biomimetics in construction |
| 260 |
_aGarston _bBRE _c2007 |
||
| 300 |
_a6p. _c30cm. |
||
| 490 | 0 |
_aBRE Information Paper _vIP 11/07 |
|
| 520 | _aOutlines how biomimetics (designs or technological advances inspired by nature) is being used in construction and examines its potential to provide the industry with innovative materials, processes and structures. | ||
| 521 | 2 | _aAdvanced | |
| 651 | 4 |
_aUnited Kingdom _y |
|
| 690 | _aBUILT ENVIRONMENT | ||
| 942 | _n0 | ||
| 999 |
_c107733 _d107733 |
||